00491 2200193 4500001002100000005001500021035002000036007000300056008004100059020001500100082001100115084001700126100002500143245004300168250001700211260003000228300003000258990000900288INLIS00000000000085120260507034324 a0010-0526000103ta260507 0 ind  a979346514x a297.43 a297.43 ABD f0 aAbdul Rahman Ghozali1 aFiqh Munakahat /cAbdul Rahman Ghozali aEd. 1, Cet.7 aJakarta :bKencana,c2015 a318 hlm ;c13,5 x 20,5 cm a0352